Szállodák és szolgáltatók együttműködése a vendégélmény fejlesztéséért
| Szerző: | |
|---|---|
| További közreműködők: | |
| Dokumentumtípus: | Diplomadolgozat |
| Kulcsszavak: | partnerkapcsolat(ok) szállodaipar szállodák szolgáltatók üzleti kapcsolatok |
| Online Access: | http://dolgozattar.uni-bge.hu/60060 |
MARC
| LEADER | 00000nta a2200000 i 4500 | ||
|---|---|---|---|
| 001 | dolg60060 | ||
| 005 | 20260409145931.0 | ||
| 008 | 260409suuuu hu om 000 hun d | ||
| 040 | |a BGE Dolgozattár Repozitórium |b hun | ||
| 041 | |a hu | ||
| 100 | 1 | |a Szatmári Dávid | |
| 245 | 1 | 0 | |a Szállodák és szolgáltatók együttműködése a vendégélmény fejlesztéséért |c Szatmári Dávid |h [elektronikus dokumentum] |
| 520 | 3 | |a A szakdolgozat célja a budapesti szállodák és turisztikai szolgáltatók közötti együttműködések vizsgálata, különös tekintettel azok hatására a vendégélmény fejlesztésében. A dolgozat feltárja, hogy a partnerségek milyen előnyöket, kihívásokat és fejlődési lehetőségeket kínálnak a turizmus szereplői számára, valamint hogy a digitalizáció, a generációs különbségek és a pandémia hogyan alakították át ezeket a kapcsolatokat. A kutatás szekunder szakirodalmi elemzésre és két kvalitatív mélyinterjúra épül, melyek során egy turisztikai szolgáltató és egy szállodai vezető nézőpontját is megismerhettem. Az eredmények rávilágítanak arra, hogy a hosszú távon fenntartható partnerségek alapja a személyes kapcsolatok ápolása, a rendszeres kommunikáció, valamint a vendégközpontú szemlélet megőrzése a digitális világban is. A dolgozat végén javaslatokat fogalmazok meg a szállodák és szolgáltatók számára, valamint jövőbeli kutatási irányokat vázolok fel a szektor további fejlődése érdekében. | |
| 695 | |a partnerkapcsolat(ok) | ||
| 695 | |a szállodaipar | ||
| 695 | |a szállodák | ||
| 695 | |a szolgáltatók | ||
| 695 | |a üzleti kapcsolatok | ||
| 700 | 1 | |a Hegedüs Sára |e ths | |
| 856 | 4 | 0 | |u http://dolgozattar.uni-bge.hu/60060/1/Sz%C3%A1llod%C3%A1k%20%C3%A9s%20szolg%C3%A1ltat%C3%B3k%20egy%C3%BCttm%C5%B1k%C3%B6d%C3%A9se%20a%20vend%C3%A9g%C3%A9lm%C3%A9ny%20fejleszt%C3%A9s%C3%A9%C3%A9rt.pdf |z Dokumentum-elérés |
| 856 | 4 | 0 | |u http://dolgozattar.uni-bge.hu/60060/2/Szatm%C3%A1ri%20D%C3%A1vid%20Szakdolgozat%20%C3%A9rt%C3%A9kel%C5%91%20Bsc%20HS.pdf |z Dokumentum-elérés |
| 856 | 4 | 0 | |u http://dolgozattar.uni-bge.hu/60060/3/Szakdolgozat%20%C3%A9rt%C3%A9kel%C5%91%20Bsc_SzatmariD.pdf |z Dokumentum-elérés |